000 00648nam a22001937a 4500
005 20251108171240.0
008 250721s1985 xx 000 0 ara d
082 1 4 _a211.7/خضر
100 1 _aخضر، عبد العليم عبد الرحمن
245 1 0 _aالماء و الحياة بين العلم و القرآن /
264 1 _aجده :
_bالدار السعودية للنشر و التوزيع،
_c1985.
300 _a247ص : مص
490 0 _aسلسلة العلم و القرآن ؛ 3
650 1 7 _aالقرآن الكريم
650 1 7 _aالفاظ
650 1 7 _aمعاني و أحكام
942 _2ddc
_cBK
999 _c60427
_d60427